Canadian History - Statistics

General Stats
  • This quiz has been taken 78 times
  • The average score is 8 of 15
Answer Stats
Hint Answer % Correct
English and this language are the official languages of Canada? French
88%
In what year did Canada become a country? 1867
85%
What brand is named of a Bay in Canada Hudson Bay
80%
In what city is the Canadian Parliament situated? Ottawa
80%
Famous singer from Quebec is know for here song for the Titanic? Céline Dion
75%
First ever Prime Minister of Canada? John A. MacDonald
74%
Who was the famous person that tried to walk from one coast to the other? Terry Fox
74%
What is the capital of British-Colombia Victoria
72%
The Halifax explosion happened in what month? December
55%
In 1755, these people got deported from Canada? Acadians
52%
When did the Calgary Flames win the Stanley Cup finals? 1989
37%
During the Olympics, the Canadian female soccer team won. What year was it? 2021
37%
What are the name of the first nations living in the north of the country? Inuits
18%
What was the name of the Canadian that one the decathlon in the Tokyo 2020 (2021) Olympics? Damien Warner
11%
Who was the first open non-binary Canadian to win a Olympic Gold Medal? They were also the first ever non-binary Olympian to win a gold medal in the Olympics. Quinn
6%
No matching quizzes found
Score Distribution
Percent of People with Each Score
Percentile by Number Answered
Your Score History
You have not taken this quiz